[Event "GER-ch U25-B"]
[Site "Willingen"]
[Date "2018.05.25"]
[Round "8"]
[White "Alferova, Ekaterina"]
[Black "Mainka, Irmin"]
[Result "1-0"]
[WhiteElo "1775"]
[BlackElo "1412"]
[PlyCount "49"]
[EventDate "2018.05.19"]
[EventType "swiss"]
[EventRounds "9"]
[EventCountry "GER"]
[SourceTitle "CBM 184 Extra"]
[Source "ChessBase"]
[SourceDate "2018.06.28"]
[SourceVersion "1"]
[SourceVersionDate "2018.06.28"]
[SourceQuality "1"]

1. d4 d5 2. Bf4 Nf6 3. c3 Bf5 4. e3 e6 5. Bd3 Bxd3 6. Qxd3 Bd6 7. Bg3 0-0 8. Nd2 c6 9. Ngf3 Qc7 10. 0-0 Nbd7 11. e4 dxe4 12. Nxe4 Nxe4 13. Qxe4 Bxg3 14. hxg3 Rae8 15. Rfe1 Nf6 16. Qc2 h6 17. Ne5 Nd5 18. Re2 Ne7 19. Rae1 Qc8 20. Re4 Nd5 21. Qc1 g5 22. Nf3 f5 23. Re5 f4 24. Qc2 Rf5 25. Qxf5 1-0

[Event "GER-ch U25-B"]
[Site "Willingen"]
[Date "2018.05.23"]
[Round "6"]
[White "Alferova, Ekaterina"]
[Black "Poggemann, Alexander"]
[Result "1-0"]
[WhiteElo "1775"]
[BlackElo "1595"]
[PlyCount "43"]
[EventDate "2018.05.19"]
[EventType "swiss"]
[EventRounds "9"]
[EventCountry "GER"]
[SourceTitle "CBM 184 Extra"]
[Source "ChessBase"]
[SourceDate "2018.06.28"]
[SourceVersion "1"]
[SourceVersionDate "2018.06.28"]
[SourceQuality "1"]

1. d4 Nf6 2. Nc3 d5 3. Bf4 e6 4. e3 Bb4 5. Bd3 Nc6 6. Nf3 0-0 7. h3 Bd7 8. 0-0 Re8 9. Nb1 Bd6 10. Bxd6 cxd6 11. c3 e5 12. Ne1 e4 13. Be2 Bf5 14. Nd2 Qd7 15. Rc1 Bxh3 16. gxh3 Qxh3 17. Ng2 h5 18. Re1 Ng4 19. Bxg4 hxg4 20. Nf1 g5 21. Ng3 Rf8 22. Qb3 1-0

[Event "GER-ch U25-B"]
[Site "Willingen"]
[Date "2018.05.22"]
[Round "4"]
[White "Alferova, Ekaterina"]
[Black "Becker, Lukas"]
[Result "1-0"]
[WhiteElo "1775"]
[BlackElo "1540"]
[PlyCount "61"]
[EventDate "2018.05.19"]
[EventType "swiss"]
[EventRounds "9"]
[EventCountry "GER"]
[SourceTitle "CBM 184 Extra"]
[Source "ChessBase"]
[SourceDate "2018.06.28"]
[SourceVersion "1"]
[SourceVersionDate "2018.06.28"]
[SourceQuality "1"]

1. d4 g6 2. Nc3 Bg7 3. e4 c5 4. dxc5 Qa5 5. Bd2 Qxc5 6. Nd5 e6 7. Bb4 Qc6 8. Bb5 Na6 9. Bxc6 bxc6 10. Bc3 f6 11. Nf4 e5 12. Nd3 Ne7 13. Ne2 0-0 14. 0-0 d5 15. exd5 cxd5 16. Nb4 Nc7 17. f3 Bb7 18. Nd3 Nf5 19. Bd2 d4 20. Nc5 Bc6 21. Ng3 Ne3 22. Bxe3 dxe3 23. Qe2 Bh6 24. Rfd1 Kh8 25. Nd7 Rf7 26. Qc4 Rxd7 27. Qxc6 Rf7 28. Rd7 Rxd7 29. Qxd7 Ne8 30. Rd1 Bf8 31. Qb7 1-0

[Event "BL2 Sued 1718 (Women)"]
[Site "Germany"]
[Date "2017.12.17"]
[Round "3.5"]
[White "Schenk, Stefanie"]
[Black "Alferova, Ekaterina"]
[Result "1-0"]
[WhiteElo "2078"]
[BlackElo "1515"]
[PlyCount "113"]
[EventDate "2017.10.14"]
[EventType "team-tourn"]
[EventRounds "7"]
[EventCountry "GER"]
[SourceTitle "EXT 2019"]
[Source "ChessBase"]
[SourceDate "2018.10.10"]
[SourceVersion "1"]
[SourceVersionDate "2018.10.10"]
[SourceQuality "1"]
[WhiteTeam "Muenchen Bayern (W)"]
[BlackTeam "Forstenried (W)"]
[WhiteTeamCountry "GER"]
[BlackTeamCountry "GER"]

1. Nf3 Nf6 2. g3 d6 3. Bg2 g6 4. 0-0 Bg7 5. d3 c6 6. c4 0-0 7. Nc3 Nbd7 8. d4 a6 9. a4 Qc7 10. b4 e5 11. dxe5 Nxe5 12. Nxe5 dxe5 13. c5 Rd8 14. Qc2 Be6 15. Bb2 Nd5 16. Nxd5 Bxd5 17. e4 Be6 18. Rfd1 Rxd1+ 19. Rxd1 Rd8 20. Rd3 Rxd3 21. Qxd3 Qd7 22. Qxd7 Bxd7 23. f4 exf4 24. Bxg7 Kxg7 25. gxf4 Kf8 26. Kf2 Ke7 27. Ke3 Be6 28. Kd4 f6 29. Bf1 Bd7 30. e5 Kf7 31. h4 Ke7 32. Bd3 Ke6 33. Ke4 Ke7 34. Bf1 Bf5+ 35. Kd4 Bd7 36. Bg2 Kf7 37. b5 a5 38. Bf1 Ke7 39. b6 Kf7 40. Bg2 Ke7 41. Be4 Kf7 42. h5 gxh5 43. f5 Kg7 44. e6 Bc8 45. Ke3 Kf8 46. Bf3 Ke7 47. Bxh5 Kf8 48. Kf4 Ke7 49. Bg4 Kf8 50. Kg3 Kg7 51. Kh4 Kf8 52. Kh5 Kg7 53. Be2 Kf8 54. Kh6 Ke7 55. Bc4 Kd8 56. Kxh7 Ke8 57. Kg7 1-0

[Event "GER-chT Lands U20"]
[Site "Hannover"]
[Date "2017.10.03"]
[Round "6.6"]
[White "Simon, Tessa"]
[Black "Alferova, Ekaterina"]
[Result "1/2-1/2"]
[WhiteElo "1888"]
[BlackElo "1577"]
[PlyCount "116"]
[EventDate "2017.09.29"]
[EventType "team-swiss"]
[EventRounds "7"]
[EventCountry "GER"]
[SourceTitle "EXT 2018"]
[Source "ChessBase"]
[SourceDate "2017.10.13"]
[SourceVersion "1"]
[SourceVersionDate "2017.10.13"]
[SourceQuality "1"]
[WhiteTeam "Sachsen U20"]
[BlackTeam "Bayern U20"]
[WhiteTeamCountry "GER"]
[BlackTeamCountry "GER"]

1. e4 g6 2. d4 Bg7 3. Nf3 d6 4. Bd3 Nf6 5. c3 0-0 6. 0-0 Nbd7 7. Ng5 e5 8. f4 h6 9. Nh3 exf4 10. Bxf4 Nh5 11. Be3 c5 12. Nd2 cxd4 13. cxd4 Nb6 14. Nf2 Nf6 15. Nf3 Bg4 16. h3 Be6 17. b3 Rc8 18. Qd2 Kh7 19. Rad1 d5 20. e5 Ng8 21. Nh1 Ne7 22. Ng3 Qd7 23. Nh5 Ng8 24. Nxg7 Kxg7 25. Nh4 Qe7 26. Qf2 Nd7 27. Qg3 Kh7 28. Rf2 Rc3 29. Rc2 Rxc2 30. Bxc2 Rc8 31. Bb1 Nf8 32. Bd2 Rc7 33. Rf1 b6 34. Nf3 a5 35. Nh2 Qd7 36. Qf4 Qb5 37. Ng4 Bxg4 38. Qxg4 Qd7 39. Qf3 Ne6 40. Qg4 Nf8 41. Qh4 Ne6 42. Bd3 a4 43. b4 b5 44. Qg4 Rb7 45. h4 Kg7 46. h5 g5 47. a3 Nf8 48. Bf5 Ne6 49. Qh3 Qe7 50. Qd3 Qe8 51. Bg4 Rc7 52. Be2 Rc4 53. Be3 Ne7 54. Qd2 Rc7 55. Bg4 Ng8 56. Bf3 Qd7 57. Be2 Qe8 58. Bd3 Qd7 1/2-1/2

[Event "GER-chT U20 Girls"]
[Site "Borken"]
[Date "2016.12.28"]
[Round "4.3"]
[White "Peglau, Charis"]
[Black "Alferova, Ekaterina"]
[Result "0-1"]
[WhiteElo "1322"]
[BlackElo "1480"]
[PlyCount "114"]
[EventDate "2016.12.27"]
[EventType "team-swiss"]
[EventRounds "7"]
[EventCountry "GER"]
[SourceTitle "EXT 2018"]
[Source "ChessBase"]
[SourceDate "2017.10.13"]
[SourceVersion "1"]
[SourceVersionDate "2017.10.13"]
[SourceQuality "1"]
[WhiteTeam "Bannewitz"]
[BlackTeam "Forstenried"]
[WhiteTeamCountry "GER"]
[BlackTeamCountry "GER"]

1. e4 e5 2. Nf3 Nc6 3. Bc4 Be7 4. Nc3 Nf6 5. d4 exd4 6. Nxd4 0-0 7. 0-0 d6 8. Be3 Bd7 9. Qd2 Ng4 10. Bf4 Nxd4 11. Qxd4 Bf6 12. Qd2 Bc6 13. Rfe1 Ne5 14. Bb3 Qd7 15. Rad1 Qg4 16. h3 Qg6 17. Nd5 Nf3+ 18. Kh1 Nxd2 19. Bxd2 Bxd5 20. exd5 Rfe8 21. c4 Qf5 22. Kg1 Qd7 23. Bc2 Rxe1+ 24. Rxe1 Re8 25. Be4 Bxb2 26. Kh2 g6 27. g4 f5 28. gxf5 gxf5 29. Bxf5 Be5+ 30. f4 Qxf5 31. Rg1+ Bg7 32. Bb4 Re2+ 33. Rg2 Qxf4+ 34. Kh1 Rxg2 35. Kxg2 Qxc4 36. Be1 Qxd5+ 37. Kf1 Qxa2 38. Bf2 Qd2 39. Be1 Qxe1+ 40. Kxe1 d5 41. Kd2 c5 42. Kd3 b5 43. Kc2 a5 44. Kb3 c4+ 45. Kc2 b4 46. Kd2 b3 47. Kc1 a4 48. Kb1 a3 49. h4 b2 50. h5 c3 51. h6 c2+ 52. Kxc2 a2 53. hxg7 b1Q+ 54. Kc3 a1Q+ 55. Kd2 Qb3 56. Ke2 Qaa2+ 57. Ke1 Qbb1# 0-1

[Event "GER-chT U14 Girls"]
[Site "Magdeburg"]
[Date "2015.12.28"]
[Round "4.1"]
[White "Alferova, Ekaterina"]
[Black "Rudolph, Eva"]
[Result "0-1"]
[WhiteElo "1348"]
[BlackElo "1545"]
[PlyCount "122"]
[EventDate "2015.12.27"]
[EventType "team-swiss"]
[EventRounds "7"]
[EventCountry "GER"]
[SourceTitle "EXT 2017"]
[Source "ChessBase"]
[SourceDate "2016.10.25"]
[SourceVersion "1"]
[SourceVersionDate "2016.10.25"]
[SourceQuality "1"]
[WhiteTeam "Ammersee"]
[BlackTeam "Duesseldorf"]
[WhiteTeamCountry "GER"]
[BlackTeamCountry "GER"]

1. e4 e5 2. Nf3 d6 3. d4 exd4 4. Nxd4 Nf6 5. Nc3 Be7 6. g3 0-0 7. Bg2 c6 8. 0-0 Re8 9. h3 a5 10. Be3 Na6 11. Nde2 Bf8 12. Nf4 Qc7 13. a3 b5 14. Qd3 Rb8 15. Rab1 b4 16. Na2 c5 17. axb4 axb4 18. b3 Bd7 19. Rfe1 Bb5 20. Nd5 Nxd5 21. Qxd5 Qd8 22. Bf4 Nc7 23. Qd2 Ba6 24. c3 bxc3 25. Nxc3 Nb5 26. Nxb5 Rxb5 27. Bf1 Rb6 28. Bxa6 Rxa6 29. Qd5 Qb6 30. Red1 Rb8 31. e5 dxe5 32. Bxe5 Rba8 33. Ra1 Rxa1 34. Rxa1 Rd8 35. Qc4 Qb4 36. Qxb4 cxb4 37. Kg2 f6 38. Bf4 Rd3 39. Rb1 Kf7 40. Kf1 Ke6 41. Ke2 Rc3 42. Kd2 Kd5 43. Rb2 Bc5 44. Ke2 Ke4 45. Bd2 Rf3 46. Be1 Bd4 47. Rb1 Bc3 48. Bxc3 Rxc3 49. Rb2 g5 50. h4 gxh4 51. gxh4 h5 52. Rb1 Kf4 53. Rb2 Kg4 54. Rd2 Rf3 55. Rd4+ Rf4 56. f3+ Kg3 57. Rxf4 Kxf4 58. Kf2 f5 59. Ke2 Kg3 60. Ke3 Kxh4 61. Kf4 Kh3 0-1